000 00877nam a2200253Ia 4500
003 OSt
005 20220926022555.0
006 a|||||r|||| 00| 0
007 ta
008 220923b |||||||| |||| 00| 0 eng d
037 _cGeneral Book
040 _aRTL
_cRTL
_beng
041 _2eng
_aeng
082 _aX:9J2.1.N9s, N8
110 _aUnited Nations (Government of...). Economic and Social Affaris (Department of...)
_9328020
245 0 _aRocommendations on statistics of international mig
260 _aNew York
_bUnited Nations USA
_c1998
300 _a95p.
_ccm.
490 _aUnited Nations, Statistical Papers Series.58
650 _aPersonnel Management
_929105
700 _aUnited Nations (Government of...). Economic and Social Affaris (Department of...)
_9328021
942 _hX:9J2.1.N9s, N8
_cGB
_2CC
999 _c639807
_d639807